Historia de la conquista de la China por el tartaro / (Record no. 196808)

MARC details
000 -LEADER
campo de control de longitud fija 02091nam a2200421 i 4500
001 - NÚMERO DE CONTROL
campo de control 196808
003 - IDENTIFICADOR DE NÚMERO DE CONTROL
campo de control ES-MaACL
005 - FECHA Y HORA DE LA ÚLTIMA TRANSACCIÓN
campo de control 20260618142626.0
008 - DATOS DE LONGITUD FIJA--INFORMACIÓN GENERAL
campo de control de longitud fija 241212s1670 fr spa
035 ## - NÚMERO DE CONTROL DEL SISTEMA
Número de control de sistema (OCoLC)433111016
035 ## - NÚMERO DE CONTROL DEL SISTEMA
Número de control de sistema (SpMaBN)bima0000006155
035 ## - NÚMERO DE CONTROL DEL SISTEMA
Número de control de sistema 991002637699708606
040 ## - FUENTE DE CATALOGACIÓN
Centro/agencia transcriptor ES-MaACL
080 ## - NÚMERO DE LA CLASIFICACIÓN DECIMAL UNIVERSAL
Número de la Clasificación Decimal Universal 94(510)"1643/44"
100 1# - ENTRADA PRINCIPAL--NOMBRE DE PERSONA
Nombre de persona Palafox y Mendoza, Juan de,
Fechas asociadas al nombre 1600-1659
9 (RLIN) 239354
Término indicativo de función/relación Autor
245 10 - MENCIÓN DEL TÍTULO
Título Historia de la conquista de la China por el tartaro /
Mención de responsabilidad, etc. escrita por ... Juan de Palafox y Mendoça, siendo obispo de la Puebla de los Angeles, y virrey de la Nueva-España y a su muerte obispo de Osma.
260 ## - PUBLICACIÓN, DISTRIBUCIÓN, ETC.
Lugar de publicación, distribución, etc. En Paris :
Nombre del editor, distribuidor, etc. acosta de Antonio Bertier, librero de la Reyna, vive en la calle de Santiago, a la infinia de la Fortuna,
Fecha de publicación, distribución, etc. 1670
300 ## - DESCRIPCIÓN FÍSICA
Extensión [10], [2] en blanco, 388 páginas, [1] hoja de lámina ;
Dimensiones
336 ## - TIPO DE CONTENIDO
Término de tipo de contenido Texto (visual)
Fuente rdacontent
337 ## - TIPO DE MEDIO
Nombre/término del tipo de medio sin mediación
Fuente rdamedia
338 ## - TIPO DE SOPORTE
Fuente rdacarrier
Nombre/término del tipo de soporte volumen
500 ## - NOTA GENERAL
Nota general Contiene un grabado calcográfico a buril y aguafuerte, con una escena bélica y un mapa en la parte inferior
510 ## - NOTA DE CITAS O REFERENCIAS BIBLIOGRÁFICAS
Nombre de la fuente CCPB,
Localización dentro de la fuente 000040920-0
530 ## - NOTA DISPONIBLE DE FORMULARIO FÍSICO ADICIONAL
Nota de formato físico adicional disponible Disponible en formato digital
597 ## - NOTA A LA DESCRIPCION FISICA
Nota Signaturas: ã⁶, A-Z⁸, Aa⁸, Bb²
599 ## - NOTA A LAS ILUSTRACIONES
Nota La hoja de lámina es un grabado calcográfico representando escena de dicha conquista y mapa
651 #7 - PUNTO DE ACCESO ADICIONAL DE MATERIA--NOMBRE GEOGRÁFICO
Nombre geográfico China-
Subdivisión general Historia-
Subdivisión cronológica 1643-1644 (Conquista manchú)
Fuente del encabezamiento o término embne
9 (RLIN) 239350
700 1# - ENTRADA AGREGADA--NOMBRE PERSONAL
Nombre de persona Bertier, Antoine
Término indicativo de función/relación Editor
9 (RLIN) 239351
752 ## - ENTRADA AGREGADA--NOMBRE JERÁRQUICO DEL LUGAR
País o entidad superior Francia
Ciudad Paris
852 ## - LOCALIZACIÓN
Ubicación ES-MaACL
Ubicación en estantería Depósito
Donativo/Legado Donación: Eric Clifford Graf
Encuadernación Pergamino
itemnumber 204467
Signatura antigua Olim: Z-400
Número de control de estantería R-3488
856 4# - LOCALIZACIÓN Y ACCESO ELECTRÓNICOS
Identificador Uniforme de Recursos <a href="https://repositorio.bde.es/handle/123456789/4516">https://repositorio.bde.es/handle/123456789/4516</a>
Texto de enlace Versión en línea
Nota pública (Repositorio Institucional del Banco de España)
856 4# - LOCALIZACIÓN Y ACCESO ELECTRÓNICOS
Identificador Uniforme de Recursos <a href="https://bibliotecadigital.rah.es/es/consulta/registro.do?id=44658">https://bibliotecadigital.rah.es/es/consulta/registro.do?id=44658</a>
Texto de enlace Versión en línea
Nota pública (Biblioteca Digital Real Academia de la Historia)
903 ## - NOMBRE PERSONAL DE DONANTE
9 239355
a Graf, Eric Clifford,
d 1967-
e Donante
942 ## - ELEMENTOS DE ENTRADA SECUNDARIOS (KOHA)
Suprimir en OPAC No
Tipo de ítem Koha Libro impreso antiguo
Holdings
Estatus retirado Estado de pérdida Fuente del sistema de clasificación o colocación Estado de daño No para préstamo Colección Biblioteca de origen Biblioteca actual Ubicación en estantería Fecha de adquisición Fuente de adquisición Total de préstamos Signatura topográfica completa Código de barras Visto por última vez Fecha del último préstamo Tipo de ítem Koha
    Clasificación decimal universal     Libros del s. XVII Biblioteca del Ateneo de Madrid Biblioteca del Ateneo de Madrid Depósito 1 25/11/2024 Donación 1 R-3488 2026-0044 29/04/2026 11/02/2026 Libro impreso antiguo